Introducing redemption in Christian feminism
| Main Author: | |
|---|---|
| Format: | Print Book |
| Language: | English |
| Subito Delivery Service: | Order now. |
| Check availability: | HBZ Gateway |
| WorldCat: | WorldCat |
| Interlibrary Loan: | Interlibrary Loan for the Fachinformationsdienste (Specialized Information Services in Germany) |
| Published: |
Sheffield
Academic Press
1998
|
| In: |
Introductions in feminist theology (1)
Year: 1998 |
| Series/Journal: | Introductions in feminist theology
1 |
| Standardized Subjects / Keyword chains: | B
Redemption
/ Gender studies
B Soteriology / Feminist theology |
| Further subjects: | B
Woman (Christian theology)
History of doctrines
B Feminist Theology B Redemption History of doctrines |
MARC
| LEADER | 00000cam a22000002c 4500 | ||
|---|---|---|---|
| 001 | 1144810949 | ||
| 003 | DE-627 | ||
| 005 | 20251225180941.0 | ||
| 007 | tu | ||
| 008 | 990311s1998 xx ||||| 00| ||eng c | ||
| 016 | 7 | |a b9877389 |2 UK | |
| 020 | |a 1850758883 |9 1-85075-888-3 | ||
| 035 | |a (DE-627)1144810949 | ||
| 035 | |a (DE-576)074810944 | ||
| 035 | |a (DE-599)BSZ074810944 | ||
| 035 | |a (OCoLC)40388209 | ||
| 040 | |a DE-627 |b ger |c DE-627 |e rakwb | ||
| 041 | |a eng | ||
| 082 | 0 | |a 261.8344 | |
| 084 | |a 1 |2 ssgn | ||
| 084 | |a BH 3820 |2 rvk |0 (DE-625)rvk/11688: | ||
| 100 | 1 | |0 (DE-588)119206358 |0 (DE-627)08000489X |0 (DE-576)162816383 |4 aut |a Ruether, Rosemary Radford |d 1936-2022 | |
| 109 | |a Ruether, Rosemary Radford 1936-2022 |a Radford, Rosemary Ruether 1936-2022 |a Ruether, Rosemary R. 1936-2022 |a Ruether-Radford, Rosemary 1936-2022 |a Radford-Ruether, Rosemary 1936-2022 |a Ruether, Rosemary 1936-2022 |a Radford Ruether, Rosemary 1936-2022 | ||
| 245 | 1 | 0 | |a Introducing redemption in Christian feminism |c Rosemary R. Ruether |
| 264 | 1 | |a Sheffield |b Academic Press |c 1998 | |
| 300 | |a 134 S. | ||
| 336 | |a Text |b txt |2 rdacontent | ||
| 337 | |a ohne Hilfsmittel zu benutzen |b n |2 rdamedia | ||
| 338 | |a Band |b nc |2 rdacarrier | ||
| 490 | 1 | |a Introductions in feminist theology |v 1 | |
| 583 | 1 | |a Archivierung prüfen |c 20200919 |f DE-640 |z 3 |2 pdager | |
| 583 | 1 | |a Archivierung/Langzeitarchivierung gewährleistet |f SSG |x XA-DE-BW |2 pdager |5 DE-21 | |
| 650 | 4 | |a Feminist Theology | |
| 650 | 4 | |a Redemption |x History of doctrines | |
| 650 | 4 | |a Woman (Christian theology) |x History of doctrines | |
| 689 | 0 | 0 | |d s |0 (DE-588)4015317-4 |0 (DE-627)106337149 |0 (DE-576)20891126X |2 gnd |a Erlösung |
| 689 | 0 | 1 | |d s |0 (DE-588)4482930-9 |0 (DE-627)238719960 |0 (DE-576)212897381 |2 gnd |a Geschlechterforschung |
| 689 | 0 | |5 (DE-627) | |
| 689 | 1 | 0 | |d s |0 (DE-588)4077530-6 |0 (DE-627)106079824 |0 (DE-576)209205539 |2 gnd |a Soteriologie |
| 689 | 1 | 1 | |d s |0 (DE-588)4113537-4 |0 (DE-627)10582870X |0 (DE-576)209477296 |2 gnd |a Feministische Theologie |
| 689 | 1 | |5 (DE-627) | |
| 830 | 0 | |a Introductions in feminist theology |v 1 |9 1 |w (DE-627)1144811007 |w (DE-576)074811002 |7 am | |
| 935 | |a mteo | ||
| 936 | r | v | |a BH 3820 |b Feministische Theologie |k Theologie und Religionswissenschaften |k Evangelische Dogmatik |k Spezielle Dogmatik |k Besondere Ansätze der Theologie |k Feministische Theologie |0 (DE-627)1272615219 |0 (DE-625)rvk/11688: |0 (DE-576)202615219 |
| 951 | |a BO | ||
| ELC | |b 1 | ||
| ITA | |a 1 |t 1 | ||
| LOK | |0 000 xxxxxcx a22 zn 4500 | ||
| LOK | |0 001 2351754743 | ||
| LOK | |0 003 DE-627 | ||
| LOK | |0 004 1144810949 | ||
| LOK | |0 005 19991105000000 | ||
| LOK | |0 008 990924||||||||||||||||ger||||||| | ||
| LOK | |0 040 |a DE-21 |c DE-627 |d DE-21 | ||
| LOK | |0 852 |a DE-21 | ||
| LOK | |0 852 1 |c 13 E 3499 |9 00 | ||
| LOK | |0 935 |a theo | ||
| LOK | |0 936ln |a t5 | ||
| LOK | |0 939 |a 24-09-99 |b l01 | ||
| ORI | |a SA-MARC-ixtheoa001.raw | ||
| STA | 0 | 0 | |a Feminist theology,Gender studies,Redemption,Redemption,Salvation,Soteriology |
| STB | 0 | 0 | |a Rédemption,Rédemption,Sotériologie,Théologie féministe,Études de genre,Gender studies,Gender studies |
| STC | 0 | 0 | |a Estudios de género,Redención,Redención,Soteriología,Teología feminista |
| STD | 0 | 0 | |a Gender Studies,Redenzione,Redenzione,Soteriologia,Teologia femminista |
| STE | 0 | 0 | |a 妇女神学,女性主义神学,女性神学,性别研究,救赎,救赎,解放,拯救,解放,拯救,救赎论,救恩论 |
| STF | 0 | 0 | |a 婦女神學,女性主義神學,女性神學,性別研究,救贖,救贖,解放,拯救,解放,拯救,救贖論,救恩論 |
| STG | 0 | 0 | |a Estudos de gênero,Redenção,Redenção,Soteriologia,Teologia feminista |
| STH | 0 | 0 | |a Гендерное исследование,Сотериология,Спасение (мотив),Спасение,Феминистическое богословие |
| STI | 0 | 0 | |a Λύτρωση <μοτίβο>,Λύτρωση,Σωτηρία,Σωτηρία (μοτίβο),Σπουδές φύλου,Gender Studies,Σωτηριολογία,Φεμινιστική θεολογία |
| SYG | 0 | 0 | |a Gender Studies,Gender-Forschung,Geschlechterfrage,Geschlechtertheorie,Gender Studies,Gender-Forschung,Geschlechterfrage,Geschlechtertheorie,Gender-Theorie,Gendertheorie,Genderstudie,Geschlechterstudien , Erlösungslehre,Heilslehre,Heilsverständnis,Erlösungstheologie,Erlösung , Theologie,Theologische Frauenforschung |